000 00507nam a2200157Ia 4500
008 210716s2007 xx 000 0 und d
020 _a9788131501146
041 _aeng
082 _a658.4012 PITR
100 _aPitts, Robert A; Lei, David.
245 _aStrategic management: building and sustaining competitive advantage.
_bBuilding and sustaining competitive advantage.
250 _a4
260 _aUSA
_bSouth Western Thomson learning
_c2007
300 _axviii,538
650 _aStrategic Management
999 _c202160
_d202160